[Event "Paleochora op 6th"]
[Site "Paleochora"]
[Date "2013.07.23"]
[Round "6"]
[White "Lekic, Dusan"]
[Black "Kouvatsos, Filippos"]
[Result "1/2-1/2"]
[WhiteElo "2430"]
[BlackElo "2181"]
[PlyCount "156"]
[EventDate "2013.07.19"]
[EventType "swiss"]
[EventRounds "9"]
[EventCountry "GRE"]
[SourceTitle "CBM 155 Extra"]
[Source "ChessBase"]
[SourceDate "2013.08.26"]
[SourceVersion "1"]
[SourceVersionDate "2013.08.26"]
[SourceQuality "1"]

1. d4 d5 2. c4 c6 3. Nc3 Nf6 4. Nf3 Bf5 5. cxd5 cxd5 6. Qb3 Qb6 7. Nxd5 Nxd5 8. Qxd5 e6 9. Qb3 Qxb3 10. axb3 Bc2 11. g3 Bxb3 12. Nd2 Bb4 13. Bg2 Nc6 14. 0-0 Bxd2 15. Bxc6+ bxc6 16. Bxd2 Bc4 17. Rfe1 0-0 18. f3 Rfd8 19. Bc3 h6 20. e3 f6 21. Kf2 Kf7 22. g4 a6 23. h4 h5 24. g5 f5 25. Rac1 Rd7 26. Kg3 g6 27. Kf4 Bb5 28. e4 a5 29. b3 a4 30. Ra1 Rda7 31. bxa4 Rxa4 32. exf5 exf5 33. Rxa4 Rxa4 34. Ke5 Ra8 35. Kd6 Rd8+ 36. Kc5 Re8 37. Ra1 Be2 38. f4 Bf3 39. Bb4 Ke6 40. Ra7 Bd5 41. Ba5 Re7 42. Ra8 Rb7 43. Bb6 Kf7 44. Rh8 Kg7 45. Rc8 Kf7 46. Ra8 Kg7 47. Bd8 Kf7 48. Kd6 Be6 49. Bf6 Rd7+ 50. Kc5 Bd5 51. Be5 Ke7 52. Kb6 c5 53. Rc8 cxd4 54. Bxd4 Bf7 55. Be5 Rd1 56. Bf6+ Ke6 57. Rc5 Rd5 58. Rc3 Rd1 59. Kc7 Rd7+ 60. Kc8 Be8 61. Be5 Ra7 62. Rb3 Bd7+ 63. Kd8 Ra8+ 64. Bb8 Bc6 65. Rb6 Kd5 66. Kc7 Be8 67. Rd6+ Kc5 68. Re6 Bf7 69. Rf6 Be8 70. Rf8 Bb5 71. Rg8 Ra6 72. Kd8 Re6 73. Be5 Kd5 74. Kc7 Re7+ 75. Kb6 Be8 76. Bf6 Re6+ 77. Kc7 Bf7 78. Rd8+ Ke4 1/2-1/2

[Event "GRE-chT 41st"]
[Site "Achaia"]
[Date "2013.07.07"]
[Round "7.2"]
[White "Nikolaidis, Ioannis"]
[Black "Kouvatsos, Filippos"]
[Result "1-0"]
[WhiteElo "2559"]
[BlackElo "2181"]
[PlyCount "91"]
[EventDate "2013.07.02"]
[EventType "team-swiss"]
[EventRounds "7"]
[EventCountry "GRE"]
[SourceTitle "CBM 155 Extra"]
[Source "ChessBase"]
[SourceDate "2013.08.26"]
[SourceVersion "1"]
[SourceVersionDate "2013.08.26"]
[SourceQuality "1"]
[WhiteTeam "Corinth Argonaftis"]
[BlackTeam "Chania Kydon"]
[WhiteTeamCountry "GRE"]
[BlackTeamCountry "GRE"]

1. e4 c6 2. Nf3 d5 3. Nc3 Bg4 4. h3 Bxf3 5. Qxf3 e6 6. d3 Nf6 7. Bd2 Nbd7 8. g4 Bb4 9. 0-0-0 d4 10. Nb1 Qa5 11. Bxb4 Qxb4 12. g5 Ng8 13. Qg3 Ne7 14. a3 Qa5 15. Nd2 b5 16. h4 c5 17. f4 Rc8 18. Qf2 Qb6 19. Kb1 0-0 20. h5 Rc7 21. Be2 Rfc8 22. g6 fxg6 23. h6 gxh6 24. Rxh6 Nf8 25. Rdh1 Kh8 26. R6h3 Ng8 27. f5 exf5 28. exf5 gxf5 29. Qxf5 Qe6 30. Qxe6 Nxe6 31. Bg4 Re8 32. Ne4 Nf4 33. Rf3 Ne6 34. Nd6 Rf8 35. Nxb5 Rg7 36. Rxf8 Nxf8 37. Bf3 Ng6 38. Rh5 Rf7 39. Be4 Nf6 40. Bxg6 Rb7 41. Rf5 hxg6 42. Rxf6 Rxb5 43. Rxg6 Ra5 44. Rg5 Kh7 45. Ka2 Kh6 46. Rd5 1-0

[Event "Isthmia op-A 2nd"]
[Site "Korinthos"]
[Date "2012.08.25"]
[Round "9"]
[White "Kouvatsos, Filippos"]
[Black "Gogolis, Alexandros"]
[Result "1/2-1/2"]
[WhiteElo "2187"]
[BlackElo "2267"]
[PlyCount "39"]
[EventDate "2012.08.18"]
[EventType "swiss"]
[EventRounds "9"]
[EventCountry "GRE"]
[SourceTitle "CBM 150 Extra"]
[Source "ChessBase"]
[SourceDate "2012.10.19"]
[SourceVersion "1"]
[SourceVersionDate "2012.10.19"]
[SourceQuality "1"]

1. d4 Nf6 2. Nf3 e6 3. e3 b6 4. Bd3 Bb7 5. 0-0 c5 6. b3 Be7 7. Bb2 0-0 8. Nbd2 d6 9. c4 Nbd7 10. Re1 a6 11. Rc1 Rc8 12. e4 cxd4 13. Bxd4 Qc7 14. Bb1 Ne5 15. Nxe5 dxe5 16. Bb2 Rfd8 17. Qe2 Bb4 18. Red1 Bxd2 19. Rf1 Bb4 20. Rfe1 1/2-1/2

[Event "Isthmia op-A 2nd"]
[Site "Korinthos"]
[Date "2012.08.22"]
[Round "6"]
[White "Perunovic, Miodrag"]
[Black "Kouvatsos, Filippos"]
[Result "1/2-1/2"]
[WhiteElo "2461"]
[BlackElo "2187"]
[PlyCount "93"]
[EventDate "2012.08.18"]
[EventType "swiss"]
[EventRounds "9"]
[EventCountry "GRE"]
[SourceTitle "CBM 150 Extra"]
[Source "ChessBase"]
[SourceDate "2012.10.19"]
[SourceVersion "1"]
[SourceVersionDate "2012.10.19"]
[SourceQuality "1"]

1. e4 c6 2. d4 d5 3. e5 Bf5 4. h4 h5 5. Bg5 Qb6 6. Bd3 Bxd3 7. Qxd3 e6 8. Nd2 Nd7 9. c4 Ne7 10. Ne2 Nf5 11. 0-0 Be7 12. Bxe7 Nxe7 13. cxd5 cxd5 14. Nf4 g6 15. Rfc1 0-0 16. Nf3 Nf5 17. Rc3 Rac8 18. Rac1 Rxc3 19. Qxc3 Ne7 20. Qd3 Nf5 21. b3 Nb8 22. Rc5 Nc6 23. Qc3 Rc8 24. g3 Qd8 25. Kg2 Nce7 26. Nh3 Rxc5 27. Qxc5 b6 28. Qc3 Qc8 29. Qd2 a5 30. Nhg5 Qc6 31. a4 Qc8 32. Nh2 Kg7 33. Ngf3 Ng8 34. g4 hxg4 35. Nxg4 Qd8 36. Kh3 Ngh6 37. Nf6 Ng8 38. Ng4 Ngh6 39. Nxh6 Nxh6 40. Qf4 Nf5 41. Kg2 Qh8 42. Qg5 Qh5 43. Qf6+ Kg8 44. Qd8+ Kg7 45. Qf6+ Kg8 46. Qd8+ Kg7 47. Qf6+ 1/2-1/2

[Event "Isthmia op-A 2nd"]
[Site "Korinthos"]
[Date "2012.08.19"]
[Round "2"]
[White "Hansen, Eric"]
[Black "Kouvatsos, Filippos"]
[Result "1-0"]
[WhiteElo "2472"]
[BlackElo "2187"]
[PlyCount "47"]
[EventDate "2012.08.18"]
[EventType "swiss"]
[EventRounds "9"]
[EventCountry "GRE"]
[SourceTitle "CBM 150 Extra"]
[Source "ChessBase"]
[SourceDate "2012.10.19"]
[SourceVersion "1"]
[SourceVersionDate "2012.10.19"]
[SourceQuality "1"]

1. e4 c6 2. d4 d5 3. e5 Bf5 4. Nf3 e6 5. Be2 Nd7 6. 0-0 Ne7 7. Nbd2 Bg6 8. Nb3 Nf5 9. c3 Be7 10. g4 Nh4 11. Nxh4 Bxh4 12. f4 h6 13. f5 Bh7 14. Bd3 0-0 15. f6 Bxd3 16. Qxd3 gxf6 17. Bxh6 Re8 18. g5 Bxg5 19. Bxg5 fxg5 20. Rxf7 Nf8 21. Raf1 Rc8 22. Nc5 Rc7 23. Qf3 b6 24. Rxf8+ 1-0

[Event "GRE-chT 40th"]
[Site "Achaia"]
[Date "2012.06.30"]
[Round "1.7"]
[White "Koliopoulos, Konstantinos"]
[Black "Kouvatsos, Filippos"]
[Result "0-1"]
[WhiteElo "2237"]
[BlackElo "2175"]
[PlyCount "126"]
[EventDate "2012.06.30"]
[EventType "team-swiss"]
[EventRounds "7"]
[EventCountry "GRE"]
[SourceTitle "CBM 149 Extra"]
[Source "ChessBase"]
[SourceDate "2012.08.24"]
[SourceVersion "1"]
[SourceVersionDate "2012.08.24"]
[SourceQuality "1"]
[WhiteTeam "Glyfadas Zenon"]
[BlackTeam "Chania Kydon"]
[WhiteTeamCountry "GRE"]
[BlackTeamCountry "GRE"]

1. d4 d5 2. c4 c6 3. Nf3 Nf6 4. e3 Bf5 5. Nc3 e6 6. Nh4 Bg6 7. Nxg6 hxg6 8. Be2 Nbd7 9. Qd3 Bd6 10. e4 dxe4 11. Nxe4 Nxe4 12. Qxe4 Bb4+ 13. Kf1 Nf6 14. Qd3 Qc7 15. g3 0-0-0 16. Bf4 Bd6 17. Be3 c5 18. Bf3 Be5 19. d5 exd5 20. cxd5 Bxb2 21. Rb1 c4 22. Qc2 c3 23. Bf4 Qc4+ 24. Kg2 Nxd5 25. Rxb2 Nxf4+ 26. gxf4 b5 27. Rb3 b4 28. Qe4 Qxe4 29. Bxe4 Rd4 30. Bf3 Rxf4 31. a3 a5 32. axb4 axb4 33. Ra1 Kc7 34. Ra7+ Kb6 35. Rb7+ Kc5 36. Rc7+ Kd6 37. Rc6+ Kd7 38. Rc5 Rc8 39. Rd5+ Ke7 40. Rd1 Rd8 41. Rxd8 Kxd8 42. Bd1 Rd4 43. Rb1 Ke7 44. Bb3 f5 45. Kf3 Kd6 46. Ke3 Ke5 47. Ba4 g5 48. Bb3 g4 49. Ke2 f4 50. Bd1 g6 51. Bb3 Rd2+ 52. Ke1 g5 53. Bd1 Rd4 54. Ke2 Kd5 55. Bb3+ Kc5 56. Ra1 Rd2+ 57. Ke1 Rb2 58. Bd1 c2 59. Rc1 b3 60. Bxg4 Kd4 61. Bf5 Kc3 62. h3 Ra2 63. Ke2 Ra5 0-1